000 00504nam a2200181 a 4500
005 20140314092404.0
008 140314b2003 bl ||||| |||| 00| 0 eng d
041 _aeng
090 _aLB
_b03827
100 _aReis, Roberto E.
_915
245 _aCheck list of the freshwater fishes of South and Central America
260 _aPorto Alegre
_bEDIPUCRS
_c2003
300 _a729 p.
700 _aKullander, Sven O.
_921527
700 _aFerraris, Carl J.
_921528
942 _cImpreso
_2z
945 _d2004-08-25
999 _c4127
_d4127